FIFA World Cup 2026 - Spain Squad - Statistics

General Stats
  • This quiz has been taken 27 times
  • The average score is 23 of 27
Answer Stats
Team # Position Club/Country Player % Correct
Spain 1 GK Arsenal FC David Raya
100%
Spain 16 DM Manchester City Rodri
100%
Spain 3 LB Bayer 04 Leverkusen Alejandro Grimaldo
95%
Spain 8 CM Paris Saint-Germain Fabián Ruiz
95%
Spain 19 RW FC Barcelona Lamine Yamal
95%
Spain 18 DM Arsenal FC Martin Zubimendi
95%
Spain 6 CM Arsenal FC Mikel Merino
95%
Spain 17 LW Athletic Bilbao Nico Williams
95%
Spain 20 CM FC Barcelona Pedri
95%
Spain 23 GK Athletic Bilbao Unai Simón
95%
Spain 7 ST FC Barcelona Ferran Torres
90%
Spain 9 CM FC Barcelona Gavi
90%
Spain 13 GK FC Barcelona Joan García
90%
Spain 24 LB Chelsea FC Marc Cucurella
90%
Spain 10 AM FC Barcelona Dani Olmo
86%
Spain 4 CB FC Barcelona Eric García
86%
Spain 21 ST Real Sociedad Mikel Oyarzabal
86%
Spain 22 CB FC Barcelona Pau Cubarsí
86%
Spain 12 RB Tottenham Hotspur Pedro Porro
86%
Spain 5 RB Atlético de Madrid Marcos Llorente
81%
Spain Manager Spain Luis de la Fuente
71%
Spain 14 CB Athletic Bilbao Aymeric Laporte
62%
Spain 26 ST Celta de Vigo Borja Iglesias
62%
Spain 2 CB Atlético de Madrid Marc Pubill
62%
Spain 11 RW Crystal Palace Yéremy Pino
62%
Spain 15 LW Atlético de Madrid Álex Baena
57%
Spain 25 LW CA Osasuna Víctor Muñoz
52%
No matching quizzes found
Score Distribution
Percent of People with Each Score
Percentile by Number Answered
Your Score History
You have not taken this quiz